Statistics for Country Trivia!

Click here to take the quiz!

General Stats

  • This quiz has been taken 80 times
  • The average score is 41 of 48

Answer Stats

QuestionTileSelect% Correct
Which of these countries are NOT in europe:AustriaNo
99%
Which of these countries are NOT in europe:BulgariaNo
99%
Which of these countries are NOT in europe:DenmarkNo
99%
Which of these countries are NOT in europe:FranceNo
99%
Which of these countries are NOT in europe:GermanyNo
99%
Which of these countries are NOT in europe:GreeceNo
99%
Which of these countries are NOT in europe:ItalyNo
99%
Which of these countries are NOT in europe:NetherlandsNo
99%
Which of these countries are NOT in europe:PolandNo
99%
Which of these countries are NOT in europe:SpainNo
99%
Which of these countries are NOT in europe:SwitzerlandNo
99%
Which of these countries are NOT in europe:EgyptYes
97%
Which of these countries are NOT in europe:AfghanistanYes
96%
Which of these countries are NOT in europe:United KingdomNo
96%
Which of these countries are NOT in europe:NigeriaYes
94%
Which of these countries are NOT in europe:U.S.AYes
94%
Which countries are in the top ten largest countries in size list?ChileNo
93%
How many of these countries have a capital city begining with L?FranceNo
93%
Which countries are in the top ten largest countries in size list?MoroccoNo
93%
How many of these countries have a capital city begining with L?SpainNo
93%
How many of these countries have a capital city begining with L?AfghanistanNo
92%
How many of these countries have a capital city begining with L?BrazilNo
92%
How many of these countries have a capital city begining with L?ChileNo
92%
Which countries are in the top ten largest countries in size list?ChinaYes
92%
How many of these countries have a capital city begining with L?EstoniaNo
92%
Which countries are in the top ten largest countries in size list?GermanyNo
92%
How many of these countries have a capital city begining with L?PanamaNo
92%
How many of these countries have a capital city begining with L?ParaguayNo
92%
Which countries are in the top ten largest countries in size list?U.S.AYes
92%
How many of these countries have a capital city begining with L?U.S.ANo
92%
Which countries are in the top ten largest countries in size list?EgyptNo
90%
How many of these countries have a capital city begining with L?MoroccoNo
90%
How many of these countries have a capital city begining with L?KenyaNo
89%
Which countries are in the top ten largest countries in size list?BrazilYes
87%
How many of these countries have a capital city begining with L?PakistanNo
87%
Which countries are in the top ten largest countries in size list?CanadaYes
86%
Which countries are in the top ten largest countries in size list?RussiaYes
80%
How many of these countries have a capital city begining with L?PortugalYes
77%
Which countries are in the top ten largest countries in size list?MongoliaNo
75%
Which countries are in the top ten largest countries in size list?AustraliaYes
72%
How many of these countries have a capital city begining with L?PeruYes
68%
How many of these countries have a capital city begining with L?United KingdomYes
65%
Which countries are in the top ten largest countries in size list?IndiaYes
63%
Which countries are in the top ten largest countries in size list?KazakhstanYes
59%
Which countries are in the top ten largest countries in size list?ArgentinaYes
54%
Which countries are in the top ten largest countries in size list?IndonesiaNo
54%
How many of these countries have a capital city begining with L?BoliviaYes
52%
Which countries are in the top ten largest countries in size list?AlgeriaYes
51%

Score Distribution

Percentile by Number Answered

Percent of People with Each Score

Your Score History

You have not taken this quiz